| 000 | 00865nam a2200169 a 4500 | ||
|---|---|---|---|
| 001 | 000047915 | ||
| 005 | 20201002060816.0 | ||
| 008 | 181004s2004 dr 000 0 spa d | ||
| 040 |
_aDO-SdBNP _bspa _cBNPHU |
||
| 082 |
_axx _bxx |
||
| 100 | 1 |
_aAlmánzar García, José Nicolás _93006 |
|
| 245 | 1 | 0 |
_aOrigen y desarrollo de la universidad de la tercera edad (UTE) : _b"La Universidad de la Vida y la Esperanza " /. |
| 260 |
_aSanto Domingo : _bEditora Tele-3, _c[190?]. |
||
| 300 |
_a430 p. ; _c24 cm. |
||
| 505 | 0 |
_aAntecedentes -- _tLos orígenes de la UTE-Dominicana -- _tPasos legales para el nacimiento de la UTE-Dominicana -- _tPrograma universitario para la tercera edad -- _tEl program universitario para la tercera edad convertido en universida -- _tFilosofía y metodología a seguir -- _tEl solprendente desarrollo de la UTE -- |
|
| 590 | _aInventariado, 2018/VM | ||
| 999 |
_c47403 _d47403 |
||